| 000 | 00607nam a2200229 u 4500 | ||
|---|---|---|---|
| 001 | 55338 | ||
| 005 | 20260506071046.0 | ||
| 008 | 960313s1955 spa | ||
| 035 | _a55338 | ||
| 035 | _a(OCoLC)778158638 | ||
| 040 | _ccomduadb | ||
| 041 | _aspa | ||
| 082 | 4 | _a759 | |
| 100 | 1 | 0 |
_aGassier, Pierre _4aut _eaut _9254855 |
| 245 | 1 | 0 | _aGoya estudio biografico y critico |
| 250 | _a01.ED | ||
| 260 |
_aBarcelona : _bCarroggio, _c1955. |
||
| 300 | _a138 páginas | ||
| 600 | 1 | 7 |
_aGoya, Francisco de, _d1746-1828 _2embne _9476284 |
| 650 | 7 |
_aPintura española _2lemb _937485 |
|
| 942 | _cBOOK | ||
| 999 |
_c51534 _d51534 |
||